Процессы в легкоплавких глинах при обжиге и их значение при производстве изделий; Итоги исследований по химии за 50 лет. 1917-1967

Sonraí bibleagrafaíochta
Parent link:Итоги исследований по химии за 50 лет. 1917-1967.— 1968.— С. 25-38
Príomhchruthaitheoir: Усов П. Г. Петр Григорьевич
Rannpháirtithe: Губер Э. А.
Teanga:Rúisis
Foilsithe / Cruthaithe: 1968
Ábhair:
Formáid: Caibidil leabhair
KOHA link:https://koha.lib.tpu.ru/cgi-bin/koha/opac-detail.pl?biblionumber=152361

MARC

LEADER 00000naa2a2200000 4500
001 152361
005 20231031150950.0
035 |a (RuTPU)RU\TPU\book\165191 
035 |a RU\TPU\tpu\15348 
090 |a 152361 
100 |a 20090130d1968 k y0rusy50 ca 
101 0 |a rus 
102 |a RU 
200 1 |a Процессы в легкоплавких глинах при обжиге и их значение при производстве изделий  |f П. Г. Усов, Э. А. Губер 
320 |a Библиогр.: 54 назв. 
463 0 |0 (RuTPU)RU\TPU\book\291213  |t Итоги исследований по химии за 50 лет. 1917-1967  |o труды межвузовской научной конференции, посвященной пятидесятилетию Великой Октябрьской социалистической революции  |f Томский государственный университет (ТГУ) ; под ред. В. В. Серебренникова , А. Г. Стромберга , П. Г. Усова  |v С. 25-38  |d 1968  |p 171 с. 
610 1 |a труды учёных ТПУ 
700 1 |a Усов  |b П. Г.  |c химик  |c профессор Томского политехнического института, доктор технических наук  |f 1905-1977  |g Петр Григорьевич  |2 stltpush  |3 (RuTPU)RU\TPU\pers\7821 
701 1 |a Губер  |b Э. А. 
801 1 |a RU  |b 63413507  |c 20081124  |g PSBO 
801 2 |a RU  |b 63413507  |c 20161202  |g PSBO 
942 |c BK